Velehrad : Bazilika Nanebevzetí Panny Marie a sv. Cyrila a Metoděje /

Hlavní autor: Pojsl, Miloslav, 1945-2016
Korporativní autor: Duchovní správa na Velehradě
Další autoři: Hyhlík, Vladimír, 1925-2011
Jazyk: Čeština
Vydáno: Na Velehradě : Historická společnost Starý Velehrad, 1993
Vydání: 3. upravené vydání
Edice: Církevní památky
Témata:
Externí odkaz: Digitalizovaný dokument
Fyzický popis: 14 stran, 4 nečíslované strany obrazových příloh : ilustrace (převážně barevné), faksimile ; 21 cm
Knihy
Uloženo v:
LEADER 02589nam a2200625 i 4500
001 001583566
003 CZ BrMZK
005 20170818080650.0
007 ta
008 170628s1993 xr afh e f 000 0 cze
015 |a cnb000088014 
020 |q (Brožováno) 
035 |a (OCoLC)39577628 
040 |a ABA001  |b cze  |d BOA001  |e rda 
043 |a e-xr---  |b e-xr-zl  |2 czenas 
045 |a u-x- 
072 7 |a 72  |x Architektura  |2 Konspekt  |9 21 
080 |a 272-522/-523  |2 MRF 
080 |a 726.54  |2 MRF 
080 |a 726.54:272  |2 MRF 
080 |a 72/76.05  |2 MRF 
080 |a 27-52:904  |2 MRF 
080 |a (437.323)  |2 MRF 
080 |a (036)  |2 MRF 
100 1 |a Pojsl, Miloslav,  |d 1945-2016  |7 jn20001005431  |4 aut 
245 1 0 |a Velehrad :  |b Bazilika Nanebevzetí Panny Marie a sv. Cyrila a Metoděje /  |c Miloslav Pojsl, Vladimír Hyhlík 
246 3 0 |a Bazilika Nanebevzetí Panny Marie a sv. Cyrila a Metoděje 
250 |a 3. upravené vydání 
264 1 |a Na Velehradě :  |b Historická společnost Starý Velehrad,  |c 1993 
300 |a 14 stran, 4 nečíslované strany obrazových příloh :  |b ilustrace (převážně barevné), faksimile ;  |c 21 cm 
336 |a text  |b txt  |2 rdacontent 
337 |a bez média  |b n  |2 rdamedia 
338 |a svazek  |b nc  |2 rdacarrier 
490 1 |a Církevní památky ;  |v sv. 12 
500 |a "Foto Vladimír Hyhlík"--Tiráž 
550 |a Vydavatel: Duchovní správa na Velehradě 
500 |a Dostupné též v digitální podobě v aplikaci Kramerius 
610 2 7 |a Bazilika Nanebevzetí Panny Marie a sv. Cyrila a Metoděje (Velehrad, Česko)  |7 kn20050506032  |2 czenas 
648 7 |a 17.-20. století  |7 ch757026  |2 czenas 
650 0 7 |a poutní místa  |7 ph115843  |z Česko  |2 czenas 
650 0 7 |a baziliky  |7 ph118785  |z Česko  |2 czenas 
650 0 7 |a katolické kostely  |7 ph114895  |z Česko  |y 17.-21. století  |2 czenas 
650 0 7 |a umělecká výzdoba  |7 ph136757  |z Česko  |2 czenas 
650 0 7 |a církevní památky  |7 ph114287  |z Česko  |2 czenas 
651 7 |a Velehrad (Česko)  |7 ge131245  |2 czenas 
655 7 |a informační publikace  |7 fd132454  |2 czenas 
655 7 |a průvodce  |7 fd133154  |2 czenas 
700 1 |a Hyhlík, Vladimír,  |d 1925-2011  |7 jk01043403  |4 pht 
710 2 |a Duchovní správa na Velehradě  |4 isb 
830 0 |a Církevní památky  |0 s 
856 4 1 |u http://www.digitalniknihovna.cz/mzk/uuid/uuid:81d0ddd0-ac49-11e9-9209-005056827e51  |y Digitalizovaný dokument  |x NDK 
910 |a BOA001  |b 2-1391.957 
990 |a BK 
991 |b 201708  |c NOV 
996 6 |b 2610715092  |c 2-1391.957  |l MZK  |r Sklad / do 1 hodiny  |n 0  |p dar  |w 001624088  |u 000010  |a 1  |e BOA001  |j MZK50  |s P